| 000 | 00492cam a2200193 4500 | ||
|---|---|---|---|
| 001 | D9165 | ||
| 008 | 090401t1972 xxu||||| |||| 00| 0 eng d | ||
| 035 | _a(Sirsi) u94836 | ||
| 041 | _aeng | ||
| 050 | _a692.5 | ||
| 100 | _aTaylor, H.F. | ||
| 245 | _aMaterials purchasing; the link between estimator and buyer | ||
| 260 |
_aAscot _bInstitute of Building _c1972 |
||
| 300 | _a7p. 30cm | ||
| 350 | _a0 | ||
| 490 |
_aEstimating Information Service _v4 |
||
| 942 | _n0 | ||
| 948 | _c04/03/1997 | ||
| 999 |
_c98205 _d98205 |
||